000 00801nmc a2200301 a 4500
003 AR-Y00000XR
005 20251128211538.0
008 277020s1995 ||||||||||||||000 | spa||
020 _a1-85326-340-0
040 _cAR-Y00000XR
100 1 _aShakespeare, William
245 1 0 _aThe Wordsworth dictionary of Shakespeare quotations
260 _aHertfordshire
_bWordsworth Editions
_c1995
300 0 _a352 p.
490 0 _aWordsworth Reference
600 1 4 _aShakespeare, William
650 4 _aTEATRO CLASICO
650 4 _aCITAS
650 4 _aLITERATURA EUROPEA
650 4 _aLITERATURA INGLESA
650 4 _aLITERATURA EXTRANJERA
650 4 _aDICCIONARIOS
650 4 _aMAXIMAS
655 _aLITERATURA
700 1 _aLamb, G.F.
_ecompilador
942 _cBK
998 _cmi-desc
999 _c20127
_d20127